Art inspired by different cultures / (Record no. 344649)
[ view plain ]
| 000 -LEADER | |
|---|---|
| fixed length control field | 00437nam a2200181Ia 4500 |
| 008 - FIXED-LENGTH DATA ELEMENTS--GENERAL INFORMATION | |
| fixed length control field | 171025s9999 xx 000 0 und d |
| 020 ## - INTERNATIONAL STANDARD BOOK NUMBER | |
| International Standard Book Number | 9780007439430 |
| 050 ## - LIBRARY OF CONGRESS CALL NUMBER | |
| Classification number | 372.5 |
| 050 ## - LIBRARY OF CONGRESS CALL NUMBER | |
| Item number | C785 2011 |
| 100 ## - MAIN ENTRY--PERSONAL NAME | |
| Personal name | Coppock, Lilian |
| 245 ## - TITLE STATEMENT | |
| Title | Art inspired by different cultures / |
| 245 ## - TITLE STATEMENT | |
| Statement of responsibility, etc | by Lilian Coppock. |
| 260 ## - PUBLICATION, DISTRIBUTION, ETC. (IMPRINT) | |
| Place of publication, distribution, etc | London : |
| 260 ## - PUBLICATION, DISTRIBUTION, ETC. (IMPRINT) | |
| Name of publisher, distributor, etc | Belair, |
| 260 ## - PUBLICATION, DISTRIBUTION, ETC. (IMPRINT) | |
| Date of publication, distribution, etc | 2011 |
| 300 ## - PHYSICAL DESCRIPTION | |
| Extent | 72 pages : |
| 300 ## - PHYSICAL DESCRIPTION | |
| Other physical details | illustrations ; |
| Withdrawn status | Lost status | Damaged status | Home library | Current library | Date acquired | Total Checkouts | Full call number | Barcode | Date last seen | Price effective from | Koha item type |
|---|---|---|---|---|---|---|---|---|---|---|---|
| Stonyhurst Southville International School (Malarayat) | Stonyhurst Southville International School (Malarayat) | 10/25/2017 | NF 372.5 C785 2011 | SSISM3702 | 10/25/2017 | 10/25/2017 | Books |